Deutsche Schauspieler nach Bild - Statistiken

Allgemein
  • Dieses Quiz wurde 4.932 mal gespielt
  • Das Durchschnittsergebnis liegt bei 9 aus 16
Antwortstatistiken
Bildquiz Antwort % Korrekt
Elyas M'Barek
90%
Matthias Schweighöfer
88%
Michael "Bully" Herbig
84%
Uwe Ochsenknecht
70%
Christoph Maria Herbst
69%
Jürgen Vogel
66%
Uschi Glas
62%
Klaus Kinski
51%
Moritz Bleibtreu
51%
Florian David Fitz
42%
Nora Tschirner
39%
Romy Schneider
36%
Wotan Wilke Möhring
33%
Heiner Lauterbach
27%
Andrea Sawatzki
25%
Katja Riemann
24%
Keine übereinstimmenden Quizze gefunden
Verteilung der Resultate
Anzahl Personen mit jedem Resultat
Perzentil nach korrekt beantworteten Fragen
Ihre Resultats-Entwicklung
Sie haben dieses Quiz noch nicht gespielt